MATLAB? and Its Applications in Engineering / (Record no. 189454)

000 -LEADER
fixed length control field 01397 a2200181 4500
003 - CONTROL NUMBER IDENTIFIER
control field Nust
005 - DATE AND TIME OF LATEST TRANSACTION
control field 20221124104634.0
035 ## - SYSTEM CONTROL NUMBER
System control number (SFX)2580000000005840
040 ## - CATALOGING SOURCE
Transcribing agency Nust
082 ## - DEWEY DECIMAL CLASSIFICATION NUMBER
Classification number 519.402,BAN
100 ## - MAIN ENTRY--PERSONAL NAME
Personal name Raj Kumar Bansal
9 (RLIN) 83380
245 10 - TITLE STATEMENT
Title MATLAB? and Its Applications in Engineering /
Remainder of title Raj Kumar Bansal
260 ## - PUBLICATION, DISTRIBUTION, ETC.
Name of publisher, distributor, etc. Pearson Education India
Date of publication, distribution, etc. New Delhi
Place of publication, distribution, etc. 2008
300 ## - PHYSICAL DESCRIPTION
Extent xvi; 518,p
505 ## - FORMATTED CONTENTS NOTE
Formatted contents note Introduction to MATLAB (Page-1), Constants Variables and Expressions (Page-18), Vectors and Matrices (Page-35), Polynomials (Page-81), Inputs –Outputs Statements (Page-95), MATLAB Graphics (Page-120), Control Structures (Page-156), Writing Programs and Functions (Page-180), Ordinary Differential Equations and Symbolic Mathematics (Page-204), Simulink Basis (Page-230), MATLAB Applications in Control Systems –I (Page-264), MATLAB Application in Control Systems –II (Page-319), MATLAB Applications in Neural Networks (Page-361), MATLAB Applications in Fuzzy Logic Systems (Page-391), MATLAB Applications in Digital Signal Processing (Page-424).
856 40 - ELECTRONIC LOCATION AND ACCESS
Uniform Resource Identifier <a href="http://link.libris.kb.se/sfxlibris-hgot?url_ver=Z39.88-2004&ctx_ver=Z39.88-2004&ctx_enc=info:ofi/enc:UTF-8&rfr_id=info:sid/sfxit.com:opac_856&url_ctx_fmt=info:ofi/fmt:kev:mtx:ctx&sfx.ignore_date_threshold=1&rft.object_id=2580000000005840&svc_val_fmt=info:ofi/fmt:kev:mtx:sch_svc&">http://link.libris.kb.se/sfxlibris-hgot?url_ver=Z39.88-2004&ctx_ver=Z39.88-2004&ctx_enc=info:ofi/enc:UTF-8&rfr_id=info:sid/sfxit.com:opac_856&url_ctx_fmt=info:ofi/fmt:kev:mtx:ctx&sfx.ignore_date_threshold=1&rft.object_id=2580000000005840&svc_val_fmt=info:ofi/fmt:kev:mtx:sch_svc&</a>
942 ## - ADDED ENTRY ELEMENTS (KOHA)
Source of classification or shelving scheme
Koha item type Book
Call number prefix 519.402,BAN
Holdings
Withdrawn status Lost status Source of classification or shelving scheme Damaged status Not for loan Permanent Location Current Location Shelving location Date acquired Full call number Barcode Date last seen Price effective from Koha item type Public note
          Military College of Signals (MCS) Military College of Signals (MCS) General Stacks 12/12/2016 519.402,BAN MCS35093 12/08/2016 12/12/2016 Book Almirah No. 14, Shelf No. 4
© 2023 Central Library, National University of Sciences and Technology. All Rights Reserved.